El cerezo: guía técnica
I tiakina i:
| Ngā kaituhi matua: | , |
|---|---|
| Hōputu: | Pukapuka |
| Reo: | Pāniora |
| I whakaputaina: |
Chillán
Universidad de Concepción
2004
|
| Ngā marau: | |
| Ngā Tūtohu: |
Tāpirihia he Tūtohu
Kāore He Tūtohu, Me noho koe te mea tuatahi ki te tūtohu i tēnei pūkete!
|
MARC
| LEADER | 00000nam a2200000 a 4500 | ||
|---|---|---|---|
| 001 | UCH0875 | ||
| 003 | CL-VaPUC | ||
| 008 | 090402e20040000CL |||||||||||||||||spa|d | ||
| 020 | |a 9562990729 | ||
| 082 | 0 | 4 | |a 634.23 |b JOU |2 21 |
| 100 | |a Joublan Millán, Jean Paul |e autor |9 786838 | ||
| 700 | 0 | |a Claverie, Jacques |e author |9 535239 | |
| 245 | 1 | 3 | |a El cerezo: guía técnica |
| 300 | |a 336 p | ||
| 942 | |c BK | ||
| 945 | |d 20090402 00:00:00 |a rbrito | ||
| 260 | |a Chillán |b Universidad de Concepción |c 2004 | ||
| 650 | 7 | |a CEREZO |2 CL-VaPUC |9 264837 | |
| 650 | 0 | |a Cultivo |9 264268 | |
| 650 | 0 | |a Polinización |9 259680 | |
| 650 | 7 | |a PORTAINJERTOS |2 CL-VaPUC |9 535240 | |
| 650 | 7 | |a MANEJO DE SUELO |2 CL-VaPUC |9 473647 | |
| 650 | 0 | |a Enfermedades de las plantas |9 259687 | |
| 650 | 0 | |a Control de plagas |9 327373 | |
| 650 | 0 | |a Fertilización |9 259681 | |
| 650 | 0 | |a Cosecha |9 259688 | |
| 583 | |a last modification |c 20140403 06:25:24 |k Rodrigo Vera | ||
| 999 | |c 333071 |d 333069 | ||
| 952 | |0 0 |1 0 |4 0 |6 634_230000000000000_JOU_2004 |7 0 |8 A |9 421216 |a BIBAGR |b BIBAGR |d 2019-11-22 |i 453073K |l 6 |o 634.23 JOU 2004 |p 453073K |r 2025-01-20 |s 2024-05-13 |w 2019-11-22 |y BK |k AGR | ||
| 952 | |0 0 |1 0 |4 0 |6 634_230000000000000_JOU_2004 |7 0 |8 A |9 421217 |a BIBAGR |b BIBAGR |d 2019-11-22 |i 4597591 |l 6 |o 634.23 JOU 2004 |p 4597591 |r 2025-01-20 |s 2024-06-06 |w 2019-11-22 |y BK |k AGR | ||
| 952 | |0 0 |1 0 |4 0 |6 634_230000000000000_JOU_2004 |7 0 |8 A |9 421218 |a BIBAGR |b BIBAGR |d 2019-11-22 |i 4597605 |l 9 |o 634.23 JOU 2004 |p 4597605 |r 2025-01-20 |s 2024-06-07 |w 2019-11-22 |y BK |k AGR | ||
| 952 | |0 0 |1 0 |4 0 |6 634_230000000000000_JOU_2004 |7 0 |8 A |9 421219 |a BIBAGR |b BIBAGR |d 2019-11-22 |i 4597613 |l 10 |o 634.23 JOU 2004 |p 4597613 |r 2025-01-20 |s 2024-05-13 |w 2019-11-22 |y BK |k AGR | ||
| 952 | |0 0 |1 0 |4 0 |6 634_230000000000000_JOU_2004 |7 0 |8 A |9 421220 |a BIBAGR |b BIBAGR |d 2019-11-22 |i 4597621 |l 3 |o 634.23 JOU 2004 |p 4597621 |r 2025-01-20 |s 2024-05-13 |w 2019-11-22 |y BK |k AGR | ||